Automobile electrical equipment; (Record no. 548213)

000 -LEADER
fixed length control field 00700cam a22001691 4500
082 ## - DEWEY DECIMAL CLASSIFICATION NUMBER
Classification number 629.254
Author Mark YOU
-- L-17, P-8
100 1# - MAIN ENTRY--PERSONAL NAME
Personal name Young, A. P.
9 (RLIN) 44424
245 00 - TITLE STATEMENT
Title Automobile electrical equipment;
Remainder of title a complete survey of electric lighting, starting and ignition as applied to the internal combustion engine, with special reference to aircraft magnetos,
Statement of responsibility, etc. by A. P. Young ... and L. Griffiths.
250 ## - EDITION STATEMENT
Edition statement 3. ed.
260 ## - PUBLICATION, DISTRIBUTION, ETC.
Place of publication, distribution, etc. London,
Name of publisher, distributor, etc. Iliffe & sons limited
Date of publication, distribution, etc. [1944]
300 ## - PHYSICAL DESCRIPTION
Extent 4 p. l., 352 p.
Other physical details illus., diagrs.
Dimensions 20 cm.
526 ## - STUDY PROGRAM INFORMATION NOTE
Program name 0
Interest level 0
Reading level 0
Title point value 629_254000000000000_YOU
650 #0 - SUBJECT ADDED ENTRY--TOPICAL TERM
Topical term or geographic name entry element Automobiles
General subdivision Electric equipment.
9 (RLIN) 44425
650 #0 - SUBJECT ADDED ENTRY--TOPICAL TERM
Topical term or geographic name entry element MCE
9 (RLIN) 379
700 1# - ADDED ENTRY--PERSONAL NAME
Personal name Griffiths, L.
9 (RLIN) 44426
942 ## - ADDED ENTRY ELEMENTS (KOHA)
Source of classification or shelving scheme
Koha item type Book
Holdings
Withdrawn status Lost status Source of classification or shelving scheme Damaged status Not for loan Permanent Location Current Location Date acquired Total Checkouts Full call number Barcode Date last seen Price effective from Koha item type
          Military College of Engineering (MCE) Military College of Engineering (MCE) 08/25/2014   629.254 YOU MCE-40585 08/25/2014 08/25/2014 Book
© 2023 Central Library, National University of Sciences and Technology. All Rights Reserved.